الحقيقة و المجاز في الرحلة إلى بلاد الشام و مصر و الحجاز / (رقم التسجيلة. 53819)
[ عرض عادي ]
| 000 -LEADER | |
|---|---|
| fixed length control field | 00768nam a22001937a 4500 |
| 005 - DATE AND TIME OF LATEST TRANSACTION | |
| control field | 20251108171005.0 |
| 008 - FIXED-LENGTH DATA ELEMENTS--GENERAL INFORMATION | |
| fixed length control field | 250721s1986 xx 000 0 ara d |
| 082 14 - DEWEY DECIMAL CLASSIFICATION NUMBER | |
| Classification number | م/910.4/ناب |
| 100 1# - MAIN ENTRY--PERSONAL NAME | |
| Personal name | النابلسي، عبد الغني إسماعيل |
| 245 10 - TITLE STATEMENT | |
| Title | الحقيقة و المجاز في الرحلة إلى بلاد الشام و مصر و الحجاز / |
| 264 1# - PRODUCTION, PUBLICATION, DISTRIBUTION, MANUFACTURE, AND COPYRIGHT NOTICE | |
| Place of production, publication, distribution, manufacture | القاهرة : |
| Name of producer, publisher, distributor, manufacturer | الهيئة المصرية العامة للكتاب : مركز تحقيق التراث، |
| Date of production, publication, distribution, manufacture, or copyright notice | 1986. |
| 300 ## - PHYSICAL DESCRIPTION | |
| Extent | 623ص. |
| 490 0# - SERIES STATEMENT | |
| Series statement | تراثنا |
| 650 17 - SUBJECT ADDED ENTRY--TOPICAL TERM | |
| Topical term or geographic name as entry element | الرحلات و الأسفار |
| 650 17 - SUBJECT ADDED ENTRY--TOPICAL TERM | |
| Topical term or geographic name as entry element | الرحلات و الوصف |
| 700 1# - ADDED ENTRY--PERSONAL NAME | |
| Personal name | هريدي، أحمد عبد الحميد |
| Relator term | تقديم و إعداد |
| 942 ## - ADDED ENTRY ELEMENTS (KOHA) | |
| Source of classification or shelving scheme | Dewey Decimal Classification |
| Koha item type | مراجع |
| حالة السحب | حالة الفقدان | مصدر التصنيف | حالة التلف | غير قابل للإعارة | المكتبة الرئيسية | المكتبة الحالية | موقع الرف | تاريخ التزويد | الرقم المتسلسل | Total Checkouts | رقم الإستدعاء | الباركود | تاريخ آخر ظهور | تاريخ الفاتورة | نوع المادة (كوها) |
|---|---|---|---|---|---|---|---|---|---|---|---|---|---|---|---|
| Dewey Decimal Classification | Not For Loan | المكتبة المركزية | المكتبة المركزية | مراجع | 06/07/2004 | 384280 | م/910.4/ناب | 384280 | 28/07/2025 | 06/07/2004 | مراجع | ||||
| Dewey Decimal Classification | Not For Loan | المكتبة المركزية | المكتبة المركزية | مراجع | 06/07/2004 | 384279 | م/910.4/ناب | 384279 | 28/07/2025 | 06/07/2004 | مراجع | ||||
| Dewey Decimal Classification | Not For Loan | المكتبة المركزية | المكتبة المركزية | مراجع | 06/07/2004 | 384278 | م/910.4/ناب | 384278 | 28/07/2025 | 06/07/2004 | مراجع | ||||
| Dewey Decimal Classification | Not For Loan | مكتبة الأميرة ايمان العامة | مكتبة الأميرة ايمان العامة | مراجع | 06/07/2004 | 5524 | م/910.4/ناب | DUP-01_5524 | 28/07/2025 | 06/07/2004 | مراجع | ||||
| Dewey Decimal Classification | Not For Loan | مكتبة حمزة العامة | مكتبة حمزة العامة | مراجع | 06/07/2004 | 2544 | م/910.4/ناب | DUP-01_2544 | 28/07/2025 | 06/07/2004 | مراجع | ||||
| Dewey Decimal Classification | Not For Loan | مكتبة حمزة العامة | مكتبة حمزة العامة | مراجع | 06/07/2004 | 2544 | م/910.4/ناب | DUP-02_2544 | 28/07/2025 | 06/07/2004 | مراجع |